[Event "Netanya Open 2019"]
[Site "Netanya"]
[Date "2019.06.24"]
[Round "2.1"]
[White "Sivan, Yaacov"]
[Black "Korobov, Anton"]
[Result "0-1"]
[WhiteElo "2320"]
[BlackElo "2687"]
[Annotator "TA"]
[PlyCount "72"]
[EventDate "2019.06.23"]
[EventType "swiss"]
[EventCountry "ISR"]
[SourceTitle "playchess.com"]
[Source "ChessBase"]
[SourceQuality "1"]

{[%evp 11,72,9,18,16,25,0,-7,-6,0,0,0,-8,-6,-37,0,-6,17,8,14,5,15,23,20,48,77,75,112,86,83,89,83,40,28,27,28,13,0,1,7,0,0,0,0,-26,-50,-463,-463,-487,-500,-690,-652,-677,-682,-672,-666,-653,-655,-782,-788,-753,-544,-523,-521]} 1. e4 c5 2. Nf3 d6 3. Bb5+ Bd7 4. Bxd7+ Nxd7 5. c4 Ngf6 6. Nc3 Ne5 7. O-O {B52: Sicilian: Moscow Variation with 3...Bd7} e6 8. Ne1 (8. d3 Be7 9. Nxe5 dxe5 10. f4 O-O 11. fxe5 Qd4+ 12. Kh1 Qxe5 13. Bf4 Qh5 14. Qe1 Nd7 {0-1 (57) Sadikhov,U (2491)-Van Foreest,J (2624) Manavgat 2018}) 8... Be7 9. f4 {The position is equal.} Nc6 10. d3 O-O 11. g4 $146 ({Predecessor:} 11. Nc2 a6 12. Qf3 Rb8 13. Be3 Qc7 14. Rad1 b5 15. b3 Nd7 16. g4 bxc4 17. dxc4 {1-0 (38) Ljubicic,F (2400)-Biliskov,V (2316) Zadar 2005}) 11... Nd7 12. Ng2 a6 13. g5 Rb8 14. h4 b5 15. b3 Re8 16. Bb2 Bf8 17. Ne3 Nb6 18. Qf3 Qd7 19. Rae1 (19. cxb5 $6 Nd4 $14) 19... Nb4 20. Ng4 d5 {[%cal Rb5c4]} 21. Ne5 Qb7 22. f5 d4 {Strongly threatening ...exf5.} 23. g6 $1 {[%cal Rg6f7]} f6 $1 {[%cal Rf6e5]} 24. gxh7+ Kxh7 25. Qh5+ Kg8 26. Ng6 {e5 is the strong threat.} Nxd3 27. fxe6 Rxe6 28. Nd5 $2 {[%mdl 8192]} (28. Re2 $15 Ne5 29. Qh8+ Kf7 30. Nxe5+ Rxe5 31. cxb5) 28... Nxe1 $19 {Black is clearly winning.} ({But not} 28... Nxb2 $2 29. Re2 $18) 29. Rxe1 bxc4 {aiming for ...Nxd5.} 30. Qh8+ Kf7 31. Qh5 {Nge7+ would kill now.} Nxd5 {[%mdl 64] [#] Pin} 32. Nf4+ Kg8 33. Nxe6 Ne3 34. Bc1 Qxe4 {[%csl Ge3][%cal Re4g2]} 35. Bxe3 Qxe6 {[%mdl 64] [#] Pin} 36. Bf2 Qf7 {Accuracy: White = 40%, Black = 61%.} 0-1

[Event "Netanya Open 2019"]
[Site "Netanya"]
[Date "2019.06.24"]
[Round "2.2"]
[White "Kuzubov, Yuriy"]
[Black "Goikhman, Valentin"]
[Result "1-0"]
[WhiteElo "2671"]
[BlackElo "2320"]
[Annotator "TA"]
[PlyCount "69"]
[EventDate "2019.06.23"]
[EventType "swiss"]
[EventCountry "ISR"]
[SourceTitle "playchess.com"]
[Source "ChessBase"]
[SourceQuality "1"]

{[%evp 23,69,7,11,13,0,0,0,0,2,2,9,0,14,8,12,-2,11,17,31,25,131,138,148,118,208,213,247,275,265,270,308,315,339,252,288,279,391,380,440,401,423,375,363,350,497,491,910,883]} 1. d4 Nf6 2. Nf3 e6 3. c4 b6 4. a3 Bb7 5. Nc3 d5 6. Bg5 Be7 7. Qc2 O-O 8. e3 Nbd7 9. cxd5 exd5 10. Be2 Ne4 11. Bxe7 Qxe7 12. O-O c5 13. dxc5 {E12: Queen's Indian: Unusual White 4th moves, 4 a3, 4 Nc3 Bb7 5 a3 and 4 Nc3 Bb7} Nxc3 14. Qxc3 {aiming for c6.} bxc5 15. Rfe1 {The position is equal.} Nf6 (15... Rfd8 16. b4 Rac8 17. bxc5 Qxc5 18. Qb4 Nb6 19. h3 Ba8 20. Nd4 Nc4 21. Qxc5 Rxc5 {½-½ (42) Andersson,U (2620)-Ribli,Z (2625) Reggio Emilia 1989}) 16. b4 $146 ({Predecessor:} 16. Rac1 Rac8 17. Qa5 Ba8 18. Bd3 g6 19. Rc2 c4 20. Be2 Ne4 {1-0 (47) Vokac,M (2450)-Prandstetter,E (2380) Ceske Budejovice 1994}) 16... Ne4 17. Qb2 c4 18. Nd4 f5 19. Bf3 Rae8 20. Rad1 Qe5 21. g3 c3 (21... a6 $11 {keeps the balance.}) 22. Qa1 $16 Rc8 23. Rc1 {[%cal Bd1c1,Bc1c3,Bc3c7][%mdl 32]} f4 (23... Rf6 $16) 24. gxf4 $18 Qf6 25. Bxe4 $1 dxe4 26. Rxc3 Rcd8 {intending ...Qg6+.} 27. Rc7 Bc8 28. Ne2 Qg6+ 29. Ng3 h5 (29... Rf7 {was worth a try.}) 30. h4 Bg4 31. Qe5 Bf3 32. Qg5 Qxg5 33. fxg5 ({Weaker is} 33. hxg5 Rf7 $18) 33... a5 (33... Rf7 $142) 34. bxa5 Rd3 (34... Rc8 $142) 35. Rb1 {Accuracy: White = 94%, Black = 23%.} 1-0

[Event "Netanya Open 2019"]
[Site "Netanya"]
[Date "2019.06.24"]
[Round "2.3"]
[White "Rozen, Eytan"]
[Black "Moiseenko, Alexander"]
[Result "0-1"]
[WhiteElo "2317"]
[BlackElo "2642"]
[Annotator "TA"]
[PlyCount "116"]
[EventDate "2019.06.23"]
[EventType "swiss"]
[EventCountry "ISR"]
[SourceTitle "playchess.com"]
[Source "ChessBase"]
[SourceQuality "1"]

{[%evp 10,116,16,-4,-4,0,0,3,0,0,0,-16,0,0,-7,-3,0,0,5,0,0,0,0,0,0,0,0,0,0,0,0,-64,-28,-20,0,0,0,-10,0,-91,-82,-85,-82,-114,-114,-114,-106,-112,-101,-101,-101,-103,-77,-77,-71,-111,-114,-141,-141,-236,-190,-259,-259,-259,-259,-259,-259,-259,-259,-259,-259,-259,-259,-259,-259,-575,-597,-596,-504,-382,-381,-552,-263,-1243,-145,-1465,-1364,-1356,-1230,-1023,-1055,-9798,-6565,-8428,-7907,-6543,-5981,-3464,-1195,-575,-422,-29969,-29970,-29969,-47,-29970,-29971,-29968,-4618]} 1. d4 Nf6 2. Nf3 e6 3. g3 b5 4. Bg2 Bb7 5. O-O c5 6. b3 cxd4 {A46: 1 d4 Nf6 2 Nf3 e6: Torre, London and Colle Systems} (6... Na6 7. Na3 b4 8. Nb5 Qb6 9. a4 Be7 10. Bb2 O-O 11. c3 bxc3 12. Bxc3 Ne4 13. Bb2 d5 14. Ne5 {1-0 (37) Adly,A (2630)-Hjartarson,J (2582) Reykjavik 2010}) 7. Bb2 Be7 8. Nxd4 Bxg2 {The position is equal.} 9. Kxg2 Qb6 10. Nd2 Nc6 11. e3 O-O 12. c4 a6 13. Qe2 $146 ({Predecessor:} 13. Nxc6 dxc6 14. Qc2 Rfd8 15. Rfd1 h6 16. Nf3 Rxd1 17. Rxd1 {½-½ (111) Pribyl,J (2392)-Priborsky,I (2240) Prague 2005}) 13... Rab8 14. Rfd1 Rfc8 15. Rac1 d6 16. Nxc6 Rxc6 17. Qf3 Rbc8 18. cxb5 axb5 19. Rxc6 Rxc6 20. Ne4 (20. a4 $11) 20... Nxe4 (20... Nd7 {keeps more tension.} 21. h4 d5 22. Qg4 g6 23. Qe2 b4) 21. Qxe4 Qc7 22. Rd2 Bf8 23. Qd4 Qa5 24. a4 (24. a3 $11 {keeps the balance.}) 24... bxa4 $17 25. bxa4 d5 26. Rd3 Rc4 27. Qe5 Qxa4 28. Bd4 Qe8 29. Rb3 f6 $36 {[%mdl 2048] Keeping White busy.} 30. Qb8 Qxb8 31. Rxb8 {[%mdl 4096] Endgame KRB-KRB} e5 32. Bb2 Kf7 $1 33. Rb7+ Ke6 34. Ra7 (34. Kf3 $17 {might work better.}) 34... Bc5 35. Rc7 (35. Ra6+ {is a better defense.} Kf5 36. Ba3) 35... Kd6 $19 36. Rc8 Kd7 37. Rb8 Rc2 {White must now prevent ...Bxe3.} 38. Kf1 h5 39. h3 g5 40. Rb3 Kc6 41. Ba3 d4 42. Bxc5 $2 (42. exd4 {nothing else works.} Bxd4 43. Rf3) 42... Kxc5 ({Less strong is} 42... Rxc5 43. exd4 exd4 44. Rf3 $17) 43. exd4+ exd4 {KR-KR} 44. Rf3 Kc4 {And now ...d3 would win.} 45. Rxf6 (45. Ke1 {was the only chance.} h4 46. gxh4) 45... Kd3 (45... Kc3 $142 {...d3 is the strong threat.} 46. Rc6+ Kd2) 46. Rf5 $2 (46. f4 gxf4 47. gxf4) 46... Rc1+ $1 47. Kg2 Ke4 $1 {[%cal Re4f5]} 48. Rf8 {[#]} d3 $1 {[%cal Rd3d2]} 49. Rd8 g4 50. hxg4 hxg4 51. Rd7 Rc5 52. Kf1 Rd5 53. Re7+ Kd4 54. Rg7 {[#]} Ra5 $1 55. Rxg4+ (55. Ke1 $19 Ra1+ 56. Kd2 Ra2+ 57. Ke1 Re2+ 58. Kf1) 55... Kc3 56. Rg8 Ra1+ 57. Kg2 {and the idea Rc8+ leaves White hopeful.} d2 58. Rc8+ Kb4 {Accuracy: White = 59%, Black = 77%.} (58... Kb3 $142 59. Rd8 d1=Q 60. Rxd1 Rxd1 61. Kf3 Rd4 62. Ke2 Kc4 63. Ke3 Kd5 64. f3 Rc4 65. Kd3 Rc6 66. Ke3 Rb6 67. Kf4 Rg6 68. g4 Rf6+ 69. Kg3 Ke5 70. g5 Rf8 71. Kg4 Rf5 72. g6 Rf6 73. Kg5 Rxf3 74. Kg4 Rf1 75. Kg3 Ke4 76. Kg2 Rf6 77. g7 Rg6+ {[%mdl 64] Double Attack} 78. Kf2 Rxg7 79. Ke2 Rg2+ 80. Ke1 Ke3 81. Kd1 Rh2 82. Kc1 Kd3 83. Kb1 Kc3 84. Ka1 Kb3 85. Kb1 Rh1#) 0-1

[Event "Netanya Open 2019"]
[Site "Netanya"]
[Date "2019.06.24"]
[Round "2.4"]
[White "Parligras, Mircea-Emilian"]
[Black "Gorodetzky, Matan"]
[Result "1-0"]
[WhiteElo "2638"]
[BlackElo "2303"]
[Annotator "RC"]
[PlyCount "95"]
[EventDate "2019.06.23"]
[EventType "swiss"]
[EventCountry "ISR"]
[SourceTitle "playchess.com"]
[Source "ChessBase"]
[SourceQuality "1"]
[TimeControl "40/5400+30:1800+30"]

1. d4 {[%emt 0:00:00]} d5 {[%emt 0:00:00]} 2. c4 {[%emt 0:00:00]} e6 {[%emt 0:00:00]} 3. Nf3 {[%emt 0:00:15]} c5 {[%emt 0:00:20]} 4. cxd5 {[%emt 0:00:30]} exd5 {[%emt 0:00:07]} 5. Bg5 {[%emt 0:00:26]} Be7 {[%emt 0:04:06]} 6. Bxe7 {[%emt 0:00:31]} Nxe7 {[%emt 0:03:29]} 7. dxc5 {[%emt 0:00:23]} Qa5+ {[%emt 0:06:50]} 8. Nc3 {[%emt 0:00:19]} Qxc5 {[%emt 0:00:40]} 9. e3 {[%emt 0:00:19]} Nbc6 {[%emt 0:05:07]} 10. Bd3 {[%emt 0:00:32]} O-O {[%emt 0:07:28]} 11. O-O {[%emt 0:00:23]} h6 {[%emt 0:00:32]} 12. h3 {[%emt 0:00:31]} Rd8 {[%emt 0:04:52]} 13. Rc1 {[%emt 0:02:21]} a6 {[%emt 0:23:10]} 14. a3 {[%emt 0:01:17]} Qd6 {[%emt 0:03:29]} 15. Ne2 {[%emt 0:07:51]} Bd7 {[%emt 0:07:32]} 16. Ned4 {[%emt 0:01:11]} Rac8 {[%emt 0:00:48]} 17. Bb1 {[%emt 0:07:42]} g6 {[%emt 0:13:02]} 18. Qd2 {[%emt 0:01:43]} Qf6 {[%emt 0:01:48]} 19. Rfd1 {[%emt 0:01:51]} Kg7 {[%emt 0:02:42]} 20. Bd3 {[%emt 0:09:49]} Nxd4 {[%emt 0:03:22]} 21. Nxd4 {[%emt 0:00:05]} Nc6 {[%emt 0:05:07]} 22. Nxc6 {[%emt 0:02:30]} Bxc6 {[%emt 0:00:04]} 23. Rc5 {[%emt 0:06:37]} d4 {[%emt 0:01:55]} 24. e4 {[%emt 0:00:24]} Qd6 {[%emt 0:04:32]} 25. Rdc1 {[%emt 0:07:52]} b6 {[%emt 0:00:10]} 26. e5 {[%emt 0:02:32]} Qxc5 {[%emt 0:00:23]} 27. Rxc5 {[%emt 0:00:06]} bxc5 {[%emt 0:00:03]} 28. Bxa6 {[%emt 0:00:26]} Rb8 {[%emt 0:00:41]} 29. Qf4 {[%emt 0:01:29]} Bd5 {[%emt 0:00:26]} 30. b4 {[%emt 0:01:15]} Rb6 {[%emt 0:01:37]} 31. Be2 {[%emt 0:10:02]} g5 {[%emt 0:00:14]} 32. Qd2 {[%emt 0:00:43]} Be6 {[%emt 0:00:27]} 33. bxc5 {[%emt 0:00:27]} Rc6 {[%emt 0:00:19]} 34. f4 {[%emt 0:03:09]} f6 {[%emt 0:00:23]} 35. Qb4 {[%emt 0:03:05]} Bf7 {[%emt 0:01:09]} 36. Bf3 {[%emt 0:01:27]} Re6 {[%emt 0:00:33]} 37. c6 {[%emt 0:06:07]} d3 {[%emt 0:00:07]} 38. c7 {[%emt 0:04:50]} Rc8 {[%emt 0:00:07]} 39. Bg4 {[%emt 0:10:22]} Rxc7 {[%emt 0:01:06]} 40. Bxe6 {[%emt 0:00:32]} Bxe6 {[%emt 0:00:14]} 41. Qd6 {[%emt 0:30:21]} Rc1+ {[%emt 0:03:43]} 42. Kh2 {[%emt 0:00:00]} Kf7 {[%emt 0:02:53]} 43. f5 {[%emt 0:00:00]} Bxf5 {[%emt 0:02:36]} 44. Qxf6+ {[%emt 0:00:00]} Kg8 {[%emt 0:01:06]} 45. Qxf5 {[%emt 0:00:00]} d2 {[%emt 0:00:06]} 46. Qg6+ {[%emt 0:00:00]} Kf8 {[%emt 0:00:07]} 47. Qxh6+ {[%emt 0:00:00]} Ke8 {[%emt 0:01:37]} 48. Qe6+ {[%emt 0:00:00]} 1-0

[Event "Netanya Open 2019"]
[Site "Netanya"]
[Date "2019.06.24"]
[Round "2.5"]
[White "Aharon, Ofir"]
[Black "Efimenko, Zahar"]
[Result "0-1"]
[WhiteElo "2302"]
[BlackElo "2632"]
[Annotator "RC"]
[PlyCount "90"]
[EventDate "2019.06.23"]
[EventType "swiss"]
[EventCountry "ISR"]
[SourceTitle "playchess.com"]
[Source "ChessBase"]
[SourceQuality "1"]
[TimeControl "40/5400+30:1800+30"]

1. e4 {[%emt 0:00:00]} c5 {[%emt 0:00:11]} 2. Nf3 {[%emt 0:00:00]} e6 {[%emt 0:00:11]} 3. d4 {[%emt 0:01:39]} cxd4 {[%emt 0:00:11]} 4. Nxd4 {[%emt 0:00:06]} a6 {[%emt 0:00:09]} 5. c4 {[%emt 0:00:12]} Nf6 {[%emt 0:00:38]} 6. Nc3 {[%emt 0:00:10]} Qc7 {[%emt 0:00:28]} 7. Be2 {[%emt 0:00:22]} Bb4 {[%emt 0:00:40]} 8. Qd3 {[%emt 0:02:03]} Nc6 {[%emt 0:00:39]} 9. Nxc6 {[%emt 0:04:30]} dxc6 {[%emt 0:00:13]} 10. a3 {[%emt 0:03:24]} Bc5 {[%emt 0:07:29]} 11. Be3 {[%emt 0:15:01]} Bxe3 {[%emt 0:00:57]} 12. Qxe3 {[%emt 0:00:06]} e5 {[%emt 0:00:14]} 13. O-O {[%emt 0:01:37]} O-O {[%emt 0:00:43]} 14. Na4 {[%emt 0:05:38]} Be6 {[%emt 0:06:12]} 15. Nc5 {[%emt 0:04:23]} Rad8 {[%emt 0:05:09]} 16. Nxe6 {[%emt 0:00:31]} fxe6 {[%emt 0:00:04]} 17. c5 {[%emt 0:10:01]} Rd4 {[%emt 0:01:44]} 18. f3 {[%emt 0:00:17]} Rfd8 {[%emt 0:02:06]} 19. Rfd1 {[%emt 0:01:35]} a5 {[%emt 0:07:58]} 20. Rxd4 {[%emt 0:02:14]} exd4 {[%emt 0:04:06]} 21. Qb3 {[%emt 0:05:30]} Qe5 {[%emt 0:01:32]} 22. Qc4 {[%emt 0:08:47]} Nd7 {[%emt 0:08:08]} 23. Rc1 {[%emt 0:00:11]} Qf6 {[%emt 0:01:25]} 24. Rd1 {[%emt 0:05:28]} Ne5 {[%emt 0:01:59]} 25. Qb3 {[%emt 0:01:04]} g5 {[%emt 0:05:43]} 26. Bc4 {[%emt 0:01:24]} Nxc4 {[%emt 0:20:41]} 27. Qxc4 {[%emt 0:00:05]} Qe5 {[%emt 0:00:16]} 28. b4 {[%emt 0:02:41]} axb4 {[%emt 0:01:43]} 29. axb4 {[%emt 0:00:16]} h5 {[%emt 0:00:36]} 30. Qd3 {[%emt 0:04:08]} h4 {[%emt 0:02:32]} 31. Rf1 {[%emt 0:04:55]} Qf4 {[%emt 0:02:45]} 32. Rd1 {[%emt 0:01:57]} Kg7 {[%emt 0:01:10]} 33. Qd2 {[%emt 0:01:37]} Qxd2 {[%emt 0:04:27]} 34. Rxd2 {[%emt 0:00:01]} Kf6 {[%emt 0:00:50]} 35. Kf2 {[%emt 0:02:21]} Ke5 {[%emt 0:00:06]} 36. Ra2 {[%emt 0:06:35]} g4 {[%emt 0:00:44]} 37. fxg4 {[%emt 0:06:02]} Kxe4 {[%emt 0:00:24]} 38. Ke2 {[%emt 0:01:01]} d3+ {[%emt 0:04:31]} 39. Kd2 {[%emt 0:00:01]} Rf8 {[%emt 0:00:22]} 40. Kc3 {[%emt 0:01:05]} Ke3 {[%emt 0:01:04]} 41. Ra1 {[%emt 0:04:29]} d2 {[%emt 0:04:40]} 42. Rd1 {[%emt 0:00:59]} Rd8 {[%emt 0:00:36]} 43. g5 {[%emt 0:00:58]} Ke2 {[%emt 0:00:23]} 44. Kc2 {[%emt 0:00:12]} e5 {[%emt 0:00:15]} 45. g3 {[%emt 0:02:23]} h3 {[%emt 0:00:58]} 0-1

[Event "Netanya Open 2019"]
[Site "Netanya"]
[Date "2019.06.24"]
[Round "2.6"]
[White "Roiz, Michael"]
[Black "Poleg, Dan"]
[Result "1-0"]
[WhiteElo "2603"]
[BlackElo "2271"]
[Annotator "TA"]
[PlyCount "155"]
[EventDate "2019.06.23"]
[EventType "swiss"]
[EventCountry "ISR"]
[SourceTitle "playchess.com"]
[Source "ChessBase"]
[SourceQuality "1"]

{[%evp 14,155,33,11,58,37,62,53,54,32,45,0,0,0,8,0,0,2,3,-6,-9,-29,6,3,2,0,0,0,0,0,0,0,20,26,15,16,32,30,41,41,53,32,81,61,61,16,16,16,16,16,16,16,16,0,0,0,0,0,0,0,12,12,12,12,12,4,20,4,4,4,13,9,93,93,93,93,93,93,100,108,107,119,301,309,569,621,569,560,466,431,622,622,592,137,137,137,137,137,144,144,144,137,122,137,144,144,144,144,1356,1068,1119,1072,29958,29961,29961,29962,29959,29961,29964,29965,29965,29966,29966,29966,29967,29968,29968,29969,29969,29970,29973,29974,29977,29978,29978,29979,29978,29980,29979,29980,29979,29982,29982,29983]} 1. c4 e6 2. g3 d5 3. Bg2 dxc4 4. Qa4+ Nd7 5. Qxc4 a6 6. Qc2 c5 7. Nf3 Ngf6 8. Nc3 Bd6 {A13: English Opening: 1...e6} (8... Qc7 9. d4 b6 10. Bf4 Bd6 11. Bxd6 Qxd6 12. O-O Bb7 13. Rfd1 O-O 14. e4 cxd4 15. Nxd4 Qc7 16. Rac1 {½-½ (30) Adams,M (2715)-Karjakin,S (2760) London 2017}) 9. O-O O-O 10. d4 Qc7 {White is slightly better.} 11. dxc5 Bxc5 12. Bg5 b5 13. Bf4 $146 ({Predecessor:} 13. Rac1 Bb7 14. b4 Be7 15. Rfd1 Rfe8 16. Be3 Qd8 17. a4 bxa4 18. Nxa4 {1-0 (34) Cavalcanti,F (2296)-Azevedo,A (2042) Joao Pessoa 2013}) 13... Qb6 14. Ne5 Bb7 {Hoping for ...Nxe5.} 15. Nxd7 Nxd7 16. Bxb7 Qxb7 17. Qe4 Qxe4 (17... Qa7 {feels hotter.} 18. Rad1 Rac8 19. Bd6 Bxd6 20. Rxd6 Rc4) 18. Nxe4 {Black should prevent Rfd1.} Be7 19. Bd6 Bxd6 20. Nxd6 Nb6 21. Rac1 Rfd8 22. Rfd1 h6 23. Kf1 Rd7 {Threatens to win with ...Rad8.} 24. Ke1 Rad8 25. Ne4 Rxd1+ 26. Rxd1 $11 {[%mdl 4096] Endgame KRN-KRN} Rc8 27. Rd6 Rb8 28. Rc6 a5 29. Nd6 Nc4 $1 30. b3 Nxd6 31. Rxd6 {KR-KR} b4 32. Rc6 Rb5 33. Kd2 Rd5+ 34. Kc2 Re5 35. e3 f5 36. Rc7 Kf8 37. Kd3 Rd5+ 38. Ke2 h5 39. h4 Re5 40. Kf3 Rd5 41. Ra7 Rc5 42. Kf4 Rc2 (42... Rd5 $1 $11 {remains equal.}) 43. Ke5 $16 Rxa2 44. Kxe6 {[%cal Ra7a8]} Kg8 45. Kxf5 Rxf2+ 46. Kg6 Rf6+ 47. Kxh5 Re6 $2 (47... Rf5+ $16 48. Kg4 Rc5) 48. g4 $1 $18 ({Not} 48. Rxa5 Rxe3 49. g4 Rxb3 $16) 48... Kh7 $2 (48... Rxe3 49. g5 (49. Rxa5 Rxb3 50. g5 Rd3 $16) 49... Re5) 49. g5 Re5 50. e4 Re6 51. Rb7 Re5 (51... Kg8 $142 52. g6 Kf8 53. Rf7+ Kg8) 52. Rb6 a4 53. Rxb4 $2 (53. bxa4 $18 {is the precise move to win.} b3 54. Rb7 (54. Rxb3 g6+ 55. Kg4 Rxe4+ 56. Kg3 Rxa4 $14)) 53... a3 $16 54. Ra4 {Black must now prevent Kg4.} a2 55. Ra7 a1=Q 56. Rxa1 g6+ 57. Kg4 {aiming for Ra4.} Rxe4+ 58. Kf3 Rxh4 59. Ra7+ Kg8 60. Rb7 $1 Kf8 $2 {[%mdl 8192] [#]} (60... Rd4 $16 61. b4 Kf8 62. Rb8+ Ke7) 61. b4 $1 $18 {[%cal Bb3b4,Bb4b5,Bb5b6][%mdl 32]} Ke8 62. b5 Kd8 63. b6 {White mates.} Rb4 64. Rb8+ Kd7 65. b7 Kc7 66. Rg8 Kxb7 67. Rxg6 Kc7 {[#]} 68. Re6 $1 Kd7 69. Re3 Ra4 70. Kg3 Rb4 71. Kh3 Ra4 72. g6 Ra6 73. g7 Ra8 74. Kh4 Rg8 75. Rg3 Ke7 76. Kh5 Kf7 77. Kh6 Rb8 78. Kh7 {Accuracy: White = 73%, Black = 43%.} 1-0

[Event "Netanya Open 2019"]
[Site "Netanya"]
[Date "2019.06.24"]
[Round "2.7"]
[White "Prraneeth Vuppala"]
[Black "Zubov, Alexander"]
[Result "0-1"]
[WhiteElo "2264"]
[BlackElo "2597"]
[Annotator "ChessBase"]
[PlyCount "68"]
[EventDate "2019.06.23"]
[EventType "swiss"]
[EventCountry "ISR"]
[SourceTitle "playchess.com"]
[Source "ChessBase"]
[SourceQuality "1"]
[TimeControl "40/5400+30:1800+30"]

1. d4 {[%emt 0:00:00]} d6 {[%emt 0:00:00]} 2. Nf3 {[%emt 0:00:00]} g6 {[%emt 0:00:25]} 3. g3 {[%emt 0:00:59]} b5 {[%emt 0:01:29]} 4. Bg2 {[%emt 0:03:21]} Bb7 {[%emt 0:00:09]} 5. Qd3 {[%emt 0:13:24]} a6 {[%emt 0:00:59]} 6. c4 {[%emt 0:01:12]} c6 {[%emt 0:04:18]} 7. O-O {[%emt 0:14:36]} Nf6 {[%emt 0:00:50]} 8. b3 {[%emt 1:00:28]} Bg7 {[%emt 0:01:35]} 9. Bb2 {[%emt 0:00:00]} O-O {[%emt 0:04:23]} 10. Nbd2 {[%emt 0:00:00]} Nbd7 {[%emt 0:00:37]} 11. e4 {[%emt 0:00:00]} e5 {[%emt 0:01:11]} 12. Rad1 {[%emt 0:00:00]} exd4 {[%emt 0:06:40]} 13. Nxd4 {[%emt 0:00:00]} Re8 {[%emt 0:01:25]} 14. Rfe1 {[%emt 0:00:00]} Qb6 {[%emt 0:04:25]} 15. h3 {[%emt 0:00:00]} Re7 {[%emt 0:14:07]} 16. Kh2 {[%emt 0:00:00]} Rae8 {[%emt 0:18:30]} 17. f4 {[%emt 0:00:00]} Nh5 {[%emt 0:03:51]} 18. Bc3 {[%emt 0:00:00]} b4 {[%emt 0:02:04]} 19. Ba1 {[%emt 0:00:00]} f5 {[%emt 0:05:53]} 20. Nc2 {[%emt 0:00:42]} Nc5 {[%emt 0:02:33]} 21. Qe3 {[%emt 0:00:20]} Bxa1 {[%emt 0:02:46]} 22. Rxa1 {[%emt 0:00:28]} fxe4 {[%emt 0:01:07]} 23. Nxe4 {[%emt 0:04:28]} Rxe4 {[%emt 0:02:08]} 24. Bxe4 {[%emt 0:00:05]} Rxe4 {[%emt 0:00:11]} 25. Qf2 {[%emt 0:01:30]} Qc7 {[%emt 0:01:42]} 26. Nxb4 {[%emt 0:00:47]} a5 {[%emt 0:00:07]} 27. Rxe4 {[%emt 0:00:30]} Nxe4 {[%emt 0:00:06]} 28. Qe3 {[%emt 0:00:13]} Nhxg3 {[%emt 0:00:20]} 29. Nd3 {[%emt 0:00:21]} c5 {[%emt 0:00:12]} 30. Nf2 {[%emt 0:00:25]} Nf5 {[%emt 0:00:36]} 31. Qe2 {[%emt 0:00:28]} Nd4 {[%emt 0:00:40]} 32. Qb2 {[%emt 0:00:15]} Qe7 {[%emt 0:05:45]} 33. Nxe4 {[%emt 0:00:51]} Qxe4 {[%emt 0:00:33]} 34. Qf2 {[%emt 0:00:02]} Nf3+ {[%emt 0:00:28]} 0-1

[Event "Netanya Open 2019"]
[Site "Netanya"]
[Date "2019.06.24"]
[Round "2.8"]
[White "Huzman, Alexander"]
[Black "Tzidkiya, Yeshaayahu"]
[Result "1-0"]
[WhiteElo "2588"]
[BlackElo "2265"]
[Annotator "ChessBase"]
[PlyCount "99"]
[EventDate "2019.06.23"]
[EventType "swiss"]
[EventCountry "ISR"]
[SourceTitle "playchess.com"]
[Source "ChessBase"]
[SourceQuality "1"]
[TimeControl "40/5400+30:1800+30"]

1. Nf3 {[%emt 0:00:00]} Nf6 {[%emt 0:00:00]} 2. d4 {[%emt 0:00:14]} g6 {[%emt 0:00:00]} 3. g3 {[%emt 0:00:08]} Bg7 {[%emt 0:00:00]} 4. Bg2 {[%emt 0:00:04]} O-O {[%emt 0:00:00]} 5. O-O {[%emt 0:00:05]} d6 {[%emt 0:00:17]} 6. b3 {[%emt 0:00:30]} e5 {[%emt 0:01:47]} 7. dxe5 {[%emt 0:02:17]} Ng4 {[%emt 0:01:16]} 8. Bb2 {[%emt 0:01:09]} Nc6 {[%emt 0:00:06]} 9. Qc1 {[%emt 0:03:43]} Ncxe5 {[%emt 0:01:24]} 10. Nxe5 {[%emt 0:12:42]} Nxe5 {[%emt 0:00:08]} 11. c4 {[%emt 0:00:05]} c6 {[%emt 0:10:57]} 12. Nc3 {[%emt 0:04:50]} f5 {[%emt 0:11:28]} 13. Qd2 {[%emt 0:02:15]} Be6 {[%emt 0:05:04]} 14. Rad1 {[%emt 0:04:13]} Nf7 {[%emt 0:00:31]} 15. f4 {[%emt 0:06:04]} Re8 {[%emt 0:08:03]} 16. e4 {[%emt 0:06:53]} Qc7 {[%emt 0:11:14]} 17. Rfe1 {[%emt 0:06:02]} Rad8 {[%emt 0:01:53]} 18. h3 {[%emt 0:00:53]} Nh6 {[%emt 0:08:57]} 19. Kh2 {[%emt 0:00:45]} Kh8 {[%emt 0:00:54]} 20. Re2 {[%emt 0:04:48]} Ng8 {[%emt 0:05:30]} 21. exf5 {[%emt 0:05:11]} gxf5 {[%emt 0:11:51]} 22. Rde1 {[%emt 0:01:14]} Bf7 {[%emt 0:03:12]} 23. Rxe8 {[%emt 0:02:31]} Rxe8 {[%emt 0:00:11]} 24. Nd1 {[%emt 0:03:47]} Rxe1 {[%emt 0:09:02]} 25. Bxg7+ {[%emt 0:00:36]} Kxg7 {[%emt 0:00:04]} 26. Qxe1 {[%emt 0:00:03]} Nf6 {[%emt 0:01:31]} 27. Ne3 {[%emt 0:02:55]} Bg6 {[%emt 0:00:24]} 28. Qc3 {[%emt 0:01:12]} Qe7 {[%emt 0:03:27]} 29. Qd4 {[%emt 0:02:57]} a6 {[%emt 0:01:02]} 30. Kg1 {[%emt 0:00:30]} Kg8 {[%emt 0:02:39]} 31. Kf2 {[%emt 0:00:32]} Qe6 {[%emt 0:01:57]} 32. b4 {[%emt 0:03:43]} Kf7 {[%emt 0:00:31]} 33. a4 {[%emt 0:01:05]} Qe7 {[%emt 0:00:24]} 34. a5 {[%emt 0:02:08]} Qc7 {[%emt 0:00:42]} 35. Bf3 {[%emt 0:01:54]} Qd7 {[%emt 0:00:23]} 36. g4 {[%emt 0:01:25]} fxg4 {[%emt 0:00:37]} 37. hxg4 {[%emt 0:00:05]} h6 {[%emt 0:00:18]} 38. f5 {[%emt 0:05:29]} Bh7 {[%emt 0:00:04]} 39. b5 {[%emt 0:01:19]} axb5 {[%emt 0:01:08]} 40. cxb5 {[%emt 0:00:17]} cxb5 {[%emt 0:00:25]} 41. Nd5 {[%emt 0:30:52]} Ng8 {[%emt 0:30:36]} 42. Qh8 {[%emt 0:01:02]} Kf8 {[%emt 0:00:29]} 43. Nf6 {[%emt 0:00:26]} Qf7 {[%emt 0:00:00]} 44. Nxh7+ {[%emt 0:00:00]} Ke7 {[%emt 0:00:00]} 45. f6+ {[%emt 0:00:00]} Ke8 {[%emt 0:00:00]} 46. g5 {[%emt 0:00:00]} Qa2+ {[%emt 0:00:00]} 47. Kg3 {[%emt 0:00:00]} Qe6 {[%emt 0:00:00]} 48. g6 {[%emt 0:00:00]} Qe1+ {[%emt 0:00:00]} 49. Kg2 {[%emt 0:00:00]} Qd2+ {[%emt 0:00:00]} 50. Kh3 {[%emt 0:00:00]} 1-0